Statistics for Months, Weekdays, Days of the Month in Alphabetical Order

Click here to take the quiz!

General Stats

  • This quiz has been taken 147 times
  • The average score is 27 of 50

Answer Stats

ANSWER % Correct
April
98%
August
93%
February
90%
December
89%
September
88%
January
88%
Friday
87%
July
87%
Saturday
87%
Sunday
87%
Monday
87%
October
87%
June
87%
March
87%
Tuesday
86%
Wednesday
86%
Thursday
86%
May
86%
November
86%
Eighth
47%
Eighteenth
43%
Eleventh
42%
Fourth
41%
First
41%
Fifth
41%
Fifteenth
39%
Ninth
39%
Fourteenth
39%
Sixth
37%
Seventh
37%
Third
36%
Second
36%
Nineteenth
36%
Seventeenth
35%
Sixteenth
35%
Thirtieth
32%
Tenth
32%
Thirteenth
30%
Thirty-First
29%
Twenty-First
28%
Twenty-Second
27%
Twenty-Ninth
27%
Twenty-Fourth
27%
Twenty-Fifth
27%
Twenty-Sixth
26%
Twenty-Third
26%
Twenty-Seventh
26%
Twenty-Eighth
26%
Twentieth
26%
Twelfth
25%

Score Distribution

Percentile by Number Answered

Percent of People with Each Score

Your Score History

You have not taken this quiz